000 00274nam a22001097a 4500
082 _aNR:62
_bBHA
100 _aBHATTACHARYA, S.
245 _aFrom jhuming to tapping
260 _aAgartala
_bDirectorate of Research, Government of Tripura
_c1992
300 _a85p.
942 _cBK
999 _c74698
_d74698